000 00818ntm a22003257a 4500
005 20230824154201.0
008 170317s2016 xxu||||| |||| 00| 0 spa d
020 _a9789968966559
041 _aESP
082 _a468.2 P348c
100 _aPazos Jiménez, Ethel
245 _aComunicación escrita: redacción de artículos, ensayos y tesis
260 _aCosta Rica
260 _bEPJ
260 _c2016
300 _a200 páginas
650 _aCOSTA RICA
650 _aCOMUNICACIÓN ESCRITA
650 _aCOMUNICACIÓN ESCRITA EXPOSITIVA
_941311
650 _aENSAYO
650 _aTESIS
650 _aMONOGRAFÍA
650 _aMARCO TEÓRICO
650 _aMARCO METODOLÓGICO
650 _aOBJETIVOS
650 _aCORRESPONDENCIA
650 _aINVESTIGACIÓN
650 _aAPA
942 _cBK
999 _c9071
_d9071